|
|
|
|
| LEADER |
01040nam a2200277 a 4500 |
| 001 |
GR-Patra678 |
| 008 |
991022s nyu 000 b eng d |
| 020 |
|
|
|a 0471023302
|
| 040 |
|
|
|a GrPaTEI
|b gre
|c GR-PaULI
|
| 245 |
0 |
0 |
|a Semiconductor devices and circuits.
|
| 260 |
|
|
|a New York :
|b Wiley,
|c c 1971
|
| 300 |
|
|
|a vii, 490σ. :
|b εικ., πίν.
|
| 650 |
|
4 |
|a ΕΝΙΣΧΥΤΕΣ
|
| 650 |
|
4 |
|a ΗΛΕΚΤΡΟΝΙΚΑ ΚΥΚΛΩΜΑΤΑ
|
| 650 |
|
4 |
|a ΗΛΕΚΤΡΟΝΙΚΗ
|
| 650 |
|
4 |
|a ΗΛΕΚΤΡΟΝΙΚΗ
|
| 650 |
|
4 |
|a ΗΜΙΑΓΩΓΟΙ
|
| 650 |
|
4 |
|a ΗΜΙΑΓΩΓΟΙ
|
| 650 |
|
4 |
|a ΟΛΟΚΛΗΡΩΜΕΝΑ ΚΥΚΛΩΜΑΤΑ
|
| 650 |
|
4 |
|a ΟΛΟΚΛΗΡΩΜΕΝΑ ΚΥΚΛΩΜΑΤΑ
|
| 700 |
1 |
|
|a Alley, Charles L.
|
| 700 |
1 |
|
|a Atwood, Kenneth W.
|
| 942 |
|
|
|2 ddc
|
| 952 |
|
|
|0 0
|1 0
|2 ddc
|4 0
|6 621_381520000000000_ALL
|7 0
|9 281659
|a LISK
|b LISK
|c BSC
|d 2021-01-17
|e 24
|f 0
|g 0.00
|l 0
|o 621.38152 ALL
|p 92410014
|r 2021-01-17 00:00:00
|t 1
|w 2021-01-17
|y BK15
|x 19991024 0 1
|x GrPaTEI
|
| 971 |
|
|
|a .b26481753
|b 15-04-20
|c 23-09-16
|
| 999 |
|
|
|c 163954
|d 163954
|